000 00412nam a2200181Ia 4500
005 20240823033444.0
008 240823s9999||||xx |||||||||||||| ||und||
041 _aENGLISH
082 _A158.1 Q2
100 _aNali Kuppusamy Chettiar
245 0 _aVetrikku Munrae Padigal
250 _a1st
260 _c2012
_bNannool
500 _aYES
650 _aTamil Book
_bGeneral
942 _cBK
999 _c195856
_d195856